LEADER 01752nam0 2200373 i 450 001 SUN0126704 005 20200217014445.263 010 $d0.00 017 70$2N$a978-3-030-31475-0 100 $a20200213d2019 |0engc50 ba 101 $aeng 102 $aCH 105 $a|||| ||||| 200 1 $aAn *Elastic Model for Volcanology$fAndrea Aspri 205 $aCham : Birkhauser, 2019 210 $ax$d126 p.$cill. ; 24 cm 215 $aPubblicazione in formato elettronico 410 1$1001SUN0113483$12001 $a*Lecture Notes in Geosystems Mathematics and Computing$1210 $aBasel$cBirkhäuser. 606 $a35R30$xInverse problems for PDEs [MSC 2020]$2MF$3SUNC021918 606 $a86A22$xInverse problems in geophysics [MSC 2020]$2MF$3SUNC022119 606 $a35Cxx$xRepresentations of solutions to partial differential equations [MSC 2020]$2MF$3SUNC023083 606 $a74Bxx$xElastic materials [MSC 2020]$2MF$3SUNC023433 606 $a35J57$xBoundary value problems for second-order elliptic systems [MSC 2020]$2MF$3SUNC030892 606 $a31B10$xIntegral representations, integral operators, integral equations methods in higher dimensions [MSC 2020]$2MF$3SUNC035398 606 $a86A60$xGeological problems [MSC 2020]$2MF$3SUNC035611 620 $aCH$dCham$3SUNL001889 700 1$aAspri$b, Andrea$3SUNV098089$0780978 712 $aBirkhäuser$3SUNV000319$4650 801 $aIT$bSOL$c20210503$gRICA 856 4 $uhttp://doi.org/10.1007/978-3-030-31475-0 912 $aSUN0126704 950 $aUFFICIO DI BIBLIOTECA DEL DIPARTIMENTO DI MATEMATICA E FISICA$d08CONS e-book 1492 $e08eMF1492 20200213 996 $aElastic Model for Volcanology$91668138 997 $aUNICAMPANIA LEADER 04115nam 22006135 450 001 9910855384803321 005 20250808085359.0 010 $a9783031495441 010 $a3031495446 024 7 $a10.1007/978-3-031-49544-1 035 $a(MiAaPQ)EBC31318084 035 $a(Au-PeEL)EBL31318084 035 $a(CKB)31869354700041 035 $a(DE-He213)978-3-031-49544-1 035 $a(OCoLC)1433204356 035 $a(EXLCZ)9931869354700041 100 $a20240501d2024 u| 0 101 0 $aeng 135 $aurcnu|||||||| 181 $ctxt$2rdacontent 182 $cc$2rdamedia 183 $acr$2rdacarrier 200 10$aAI in Business: Opportunities and Limitations $eVolume 2 /$fedited by Reem Khamis, Amina Buallay 205 $a1st ed. 2024. 210 1$aCham :$cSpringer Nature Switzerland :$cImprint: Springer,$d2024. 215 $a1 online resource (620 pages) 225 1 $aStudies in Systems, Decision and Control,$x2198-4190 ;$v516 311 08$a9783031495434 311 08$a3031495438 327 $aImpact of Artificial Intelligence in Students? Learning Life -- Determining factors in the access to financing of Peruvian microenterprises in the period of economic recovery -- Advancements in Smart Modular Farming Systems for Sustainable Agriculture -- Enhancing Cybersecurity with IDS and SIEM Integration Detection -- The Relevance of Green Technology and New-Energy Vehicle Sales towards Sustainable Economic Development -- Assessment of Employability Skills Under SDG 8 Among Graduates from Rural Karnataka -- Empowering Assembly Lines with Human-Robot Collaboration for Enhanced Productivity and Safety. 330 $aThis book is a comprehensive guide to understanding the potential of artificial intelligence (AI) in improving business functions, as well as the limitations and challenges that come with its implementation. In this book, readers will learn about the various opportunities that AI presents in business, including how it can automate routine tasks, reduce errors, and increase efficiency. The book covers a range of topics, including how AI can be used in financial reporting, auditing, fraud detection, and tax preparation. However, the book also explores the limitations of AI in business, such as the need for skilled professionals, data quality, and the potential for bias. It examines the challenges that companies face when implementing AI in business functions, including the need for ethical considerations, transparency, and accountability. The book is written for business professionals, business leaders, and anyone interested in the potential of AI in business functions. It offers practical advice on how to implement AI effectively and provides insights into the latest developments in AI technology. Through case studies and real-world examples, readers will gain a deeper understanding of how AI can be used to enhance business functions, as well as the potential pitfalls and limitations to be aware of. Overall, this book is an essential guide for anyone looking to harness the power of AI to improve their business functions and to stay ahead in an increasingly competitive business environment. . 410 0$aStudies in Systems, Decision and Control,$x2198-4190 ;$v516 606 $aEngineering mathematics 606 $aEngineering$xData processing 606 $aArtificial intelligence 606 $aMathematical and Computational Engineering Applications 606 $aArtificial Intelligence 606 $aData Engineering 615 0$aEngineering mathematics. 615 0$aEngineering$xData processing. 615 0$aArtificial intelligence. 615 14$aMathematical and Computational Engineering Applications. 615 24$aArtificial Intelligence. 615 24$aData Engineering. 676 $a658.0563 700 $aHamdan$b Reem Khamis$01749501 701 $aBuallay$b Amina$01726613 801 0$bMiAaPQ 801 1$bMiAaPQ 801 2$bMiAaPQ 906 $aBOOK 912 $a9910855384803321 996 $aAI in Business: Opportunities and Limitations$94463720 997 $aUNINA